Taylor Swift - Red Original or From The Vault - Statistics

General Stats
  • This quiz has been taken 47 times
  • The average score is 15 of 18
Answer Stats
Hint Answer % Correct
Girl At Home Original
95%
I Almost Do Original
95%
All Too Well Original
95%
The Very First Night From The Vault
89%
All Too Well (10 Minute Version) From The Vault
89%
Everything Has Changed Original
89%
Come Back…Be Here Original
89%
Run From The Vault
84%
Starlight Original
84%
Holy Ground Original
84%
Sad Beautiful Tragic Original
84%
Message In A Bottle From The Vault
79%
I Bet You Think About Me From The Vault
79%
Babe From The Vault
74%
Forever Winter From The Vault
74%
The Moment I Knew Original
74%
Better Man From The Vault
68%
Nothing New From The Vault
68%
No matching quizzes found
Score Distribution
Percent of People with Each Score
Percentile by Number Answered
Your Score History
You have not taken this quiz